000 01573nam a2200361 c 4500
003 BLK
005 20241030141739.0
008 180407b bul|||||r ||||||| ||bul||
010 _aKNG00032323000
020 _a978-954-28-0692-9
_bиздат.: Сиела Софт енд Паблишинг
040 _aBLK
041 _aBUL
_cBUL
072 7 _2bullib
_aН83
_xЧужда художествена литература Н
080 _aНемска литература
_b821.112.2
_x-992
_z821.112.2-992
080 _aБългарска литература
_b821.163.2
_x-054.7-992
_z821.163.2-054.7-992
100 1 _aТроянов, Илия Маринов
_eпърви автор
_9262366
700 1 _aДрагостинова, Жанина Димитрова
_d1962 -
_gПреводач от немски език
_965221
139 _aТроянов, Илия Маринов
_bТ 86
245 1 0 _aЩурият глобус
_cИлия Маринов Троянов; прев. от нем. Жанина Димитрова Драгостинова.
257 _aDEU
260 София
_bСиела Софт енд Паблишинг
_c2010
300 _a188 с.
_c21 см
380 _aX
500 _aОриг. загл. Der Entfesselte Globus / Ilija Trojanow. - Съдържа и за авт.
653 _aпътеписи
659 _aН
852 _aЦб 251560
856 4 _qpdf
_u
856 4 _qpdf
_u
942 _cKNG
_n0
_02
944 _aCR
_c15.04.2011
_lГеновева Генчева
_k30560
944 _aED
_c13.03.2013
_lф /
_k
999 _c29700
_d29700